| 000 -LEADER |
| fixed length control field |
00567nam a22002057a 4500 |
| 005 - DATE AND TIME OF LATEST TRANSACTION |
| control field |
20210423063931.0 |
| 008 - FIXED-LENGTH DATA ELEMENTS--GENERAL INFORMATION |
| fixed length control field |
210217b1984 ||||| |||| 00| 0 eng d |
| 020 ## - INTERNATIONAL STANDARD BOOK NUMBER |
| International Standard Book Number |
0140074503 |
| 040 ## - CATALOGING SOURCE |
| Transcribing agency |
DLC |
| 041 ## - LANGUAGE CODE |
| Language code of text/sound track or separate title |
eng |
| 080 ## - UNIVERSAL DECIMAL CLASSIFICATION NUMBER |
| Universal Decimal Classification number |
821.111 |
| Item number |
F-88 |
| 100 ## - MAIN ENTRY--PERSONAL NAME |
| 9 (RLIN) |
948 |
| Personal name |
Freeling.Nicolas |
| 245 ## - TITLE STATEMENT |
| Title |
No part in your death |
| Remainder of title |
A henri casting mystery |
| 260 ## - PUBLICATION, DISTRIBUTION, ETC. |
| Place of publication, distribution, etc. |
Nev York |
| Name of publisher, distributor, etc. |
Penguin books |
| Date of publication, distribution, etc. |
1986 |
| 300 ## - PHYSICAL DESCRIPTION |
| Extent |
233 p.; |
| 365 ## - TRADE PRICE |
| Price type code |
3.50 USD |
| 650 #0 - SUBJECT ADDED ENTRY--TOPICAL TERM |
| 9 (RLIN) |
247 |
| Topical term or geographic name entry element |
English literature |
| 653 ## - INDEX TERM--UNCONTROLLED |
| Uncontrolled term |
ინგლისური ლიტერატურა |
| 942 ## - ADDED ENTRY ELEMENTS (KOHA) |
| Source of classification or shelving scheme |
|
| Koha item type |
Books |